Fotballklubber i Hedmark i det norske seriesystemet for menn - Statistics

General Stats
  • This quiz has been taken 95 times
    27 since last reset
  • The average score is 13 of 26
Answer Stats
Hint Answer % Correct
1. divisjon Ham-Kam
100%
1. divisjon Kongsvinger
96%
3. divisjon Elverum
88%
3. divisjon Brumunddal
72%
4. divisjon Løten
72%
4. divisjon Ottestad
64%
5. divisjon Stange
64%
5. divisjon Flisa
60%
4. divisjon Trysil
60%
5. divisjon Grue
56%
5. divisjon Moelven
56%
3. divisjon Nybergsund
56%
5. divisjon Storhamar
52%
4. divisjon Engerdal
48%
5. divisjon Rena
48%
3. divisjon Tynset
48%
5. divisjon Eidskog
44%
5. divisjon Vang
44%
4. divisjon Furnes
40%
4. divisjon Sander
40%
5. divisjon Ridabu
32%
5. divisjon Ringsaker
28%
5. divisjon DK Leiret
20%
5. divisjon Hernes
20%
5. divisjon Kjellmyra
20%
5. divisjon MBK Domkirkeodden
12%
No matching quizzes found
Score Distribution
Percent of People with Each Score
Percentile by Number Answered
Your Score History
You have not taken this quiz since the last reset